[Event "Late Summer tourney 2008"]
[Site "SchemingMind.com"]
[Date "2008.08.21"]
[Round "-"]
[White "Kobiahshi"]
[Black "Holy Hippo"]
[Result "0-1"]
[WhiteCountry "USA"]
[BlackCountry "USA"]
[WhiteElo "1602"]
[WhiteRD "111"]
[BlackElo "1780"]
[BlackRD "105"]
[GameID "167989"]

1. b4 e5 2. Bb2 f6 3. e4 Bxb4 4. Bc4 Nc6 5. f4 Qe7 6. f5 g6 7. fxg6 hxg6 8. Nf3 Na5 9. Bb5 c6 10. Be2 b5
11. Nc3 Bb7 12. O-O O-O-O 13. Ne1 Ba3 14. Qb1 Bxb2 15. Qxb2 a6 16. Bf3 Qc5+ 17. Kh1 Nc4 18. Qc1 Qd4 19. d3 Qxc3 20. dxc4 Qxc4
21. Nd3 Ne7 22. Qa3 d6 23. Qb2 a5 24. Qc1 Qd4 25. Rd1 Rxh2+ 26. Kxh2 Rh8+ 27. Kg3 Nf5+
0-1

[Event "Late Summer tourney 2008"]
[Site "SchemingMind.com"]
[Date "2008.08.21"]
[Round "-"]
[White "lame wolf"]
[Black "Kobiahshi"]
[Result "0-1"]
[WhiteCountry "INT"]
[BlackCountry "USA"]
[WhiteElo "1006"]
[WhiteRD "50"]
[BlackElo "1600"]
[BlackRD "251"]
[GameID "167990"]

1. c3 Nf6 2. Qc2 e5 3. e4 g6 4. g3 Bg7 5. d3 Nc6 6. Bg5 d5 7. Bg2 Be6 8. Bxf6 Bxf6 9. exd5 Bxd5 10. Bxd5 Qxd5
11. f3 O-O-O 12. Nd2 Kb8 13. O-O-O Qxa2
0-1

[Event "Late Summer tourney 2008"]
[Site "SchemingMind.com"]
[Date "2008.08.25"]
[Round "-"]
[White "Archon"]
[Black "Kobiahshi"]
[Result "0-1"]
[WhiteCountry "CAN"]
[BlackCountry "USA"]
[WhiteElo "1724"]
[WhiteRD "55"]
[BlackElo "1665"]
[BlackRD "99"]
[GameID "167991"]

1. Nf3 Nc6 2. c4 e5 3. d3 f5 4. Nc3 Nf6 5. g3 Bc5 6. Bg2 a6 7. O-O d6 8. Bg5 Ne7 9. Nd2 c6 10. a3 O-O
11. Bxf6 Rxf6 12. b4 Ba7 13. a4 Rf8 14. b5 axb5 15. axb5 Be6 16. bxc6 bxc6 17. e3 d5 18. cxd5 cxd5 19. Ne2 Bb6 20. Rxa8 Qxa8
21. Nc4 Qb8 22. Nxb6 Qxb6 23. Nc3 f4 24. d4 fxe3 25. fxe3 Rxf1+ 26. Bxf1 exd4 27. exd4 Nf5 28. Ne2 Ne3 29. Qd3 Nxf1 30. Kxf1 Bh3+
31. Kf2 Qf6+ 32. Qf3 Qxf3+ 33. Kxf3 g5 34. Nc3 Be6 35. Nd1 Kg7 36. Ne3 h5 37. g4 hxg4+ 38. Nxg4 Bxg4+ 39. Kxg4 Kg6= 40. h3 Kf6
41. Kh5 Kf5 42. Kh6 g4 43. hxg4+ Kxg4 44. Kg6 Kf4
0-1

[Event "Late Summer tourney 2008"]
[Site "SchemingMind.com"]
[Date "2008.08.25"]
[Round "-"]
[White "aston294"]
[Black "Kobiahshi"]
[Result "0-1"]
[WhiteCountry "ENG"]
[BlackCountry "USA"]
[WhiteElo "1062"]
[WhiteRD "68"]
[BlackElo "1602"]
[BlackRD "111"]
[GameID "167992"]

1. f4 d5 2. d4 c5 3. dxc5 Nc6 4. Nf3 Qa5+ 5. Nbd2 Qxc5 6. Nb3 Qd6 7. g4 Bxg4 8. h3 Bf5 9. Ng5 Nh6 10. e4 dxe4
11. Nd2 Qxf4 12. Ngxe4 Qh4+ 13. Ke2 Rd8
0-1

[Event "Late Summer tourney 2008"]
[Site "SchemingMind.com"]
[Date "2008.08.25"]
[Round "-"]
[White "Roger Videa"]
[Black "Kobiahshi"]
[Result "0-1"]
[WhiteCountry "NCA"]
[BlackCountry "USA"]
[WhiteElo "1407"]
[WhiteRD "88"]
[BlackElo "1602"]
[BlackRD "111"]
[GameID "167993"]

1. d4 Nf6 2. d5 d6 3. Nc3 c6 4. e4 cxd5 5. exd5 e5 6. Bg5 Be7 7. Bb5+ Bd7 8. Bd3 O-O 9. h4 Qa5 10. Bd2 Nxd5
11. Ne4 Qd8 12. Ng5 g6 13. N1f3 Nf4 14. Bxf4 exf4 15. Qd2 Re8 16. Qxf4 Bxg5+ 17. Be2 Bxf4
0-1

[Event "Late Summer tourney 2008"]
[Site "SchemingMind.com"]
[Date "2008.08.25"]
[Round "-"]
[White "Sixmax"]
[Black "Kobiahshi"]
[Result "1-0"]
[WhiteCountry "DEN"]
[BlackCountry "USA"]
[WhiteElo "2197"]
[WhiteRD "76"]
[BlackElo "1602"]
[BlackRD "111"]
[GameID "167994"]

1. c4 Nc6 2. Nc3 e5 3. g3 Nf6 4. Nf3 a6 5. Bg2 Bc5 6. Nxe5 Nxe5 7. d4 Nd3+ 8. Qxd3 Be7 9. Bd2 O-O 10. O-O-O Rb8
11. Kb1 d6 12. h4 Be6 13. h5 b5 14. d5 Ng4 15. h6 Nxf2 16. Qd4 Bf6 17. Qxf2 Bg4 18. cxb5 axb5 19. Ne4 b4 20. Qf4 Bxe2
21. hxg7 Bxg7 22. Qf5 Bxd1 23. Qxh7#
1-0

[Event "Late Summer tourney 2008"]
[Site "SchemingMind.com"]
[Date "2008.08.25"]
[Round "-"]
[White "Holy Hippo"]
[Black "Kobiahshi"]
[Result "1-0"]
[WhiteCountry "USA"]
[BlackCountry "USA"]
[WhiteElo "1780"]
[WhiteRD "105"]
[BlackElo "1602"]
[BlackRD "111"]
[GameID "167995"]

1. e4 Nc6 2. Nf3 Nf6 3. e5 Ng4 4. d4 d6 5. h3 h6 6. hxg4 Bxg4 7. Be2 e6 8. Nc3 Bf5 9. Nh4 Bh7 10. Bf4 d5
11. Bd3 Qe7 12. Bxh7 Rxh7 13. a3 Kd7 14. Nf3 Rd8 15. Qd3 Kc8 16. Qxh7 Kb8 17. Qd3 f6 18. Na4 f5 19. c4 Qf7 20. c5 Qd7
21. b4 g5 22. Bd2 a6 23. b5 axb5 24. Qxb5 g4 25. Rb1 b6 26. cxb6 cxb6 27. Nc5 Bxc5 28. dxc5 Qb7 29. cxb6 gxf3 30. gxf3 Nd4
31. Qd3 Nc6 32. Rxh6 Re8 33. a4 Nxe5 34. Bf4 Kc8 35. Bxe5 Kd8 36. Bc7+ Kc8 37. Rh7 Rg8 38. a5 Rg1+ 39. Ke2 Rxb1 40. Qxb1 Qa6+
41. Qd3 Qxa5 42. Rh8+ Kb7 43. Rb8+ Kc6 44. Qc2+ Kd7 45. Rd8+ Ke7 46. Bd6+ Kf7 47. Qc7+
1-0

[Event "Late Summer tourney 2008"]
[Site "SchemingMind.com"]
[Date "2008.08.21"]
[Round "-"]
[White "drowzee1872"]
[Black "lame wolf"]
[Result "1-0"]
[WhiteCountry "WLS"]
[BlackCountry "INT"]
[WhiteElo "1160"]
[WhiteRD "130"]
[BlackElo "1062"]
[BlackRD "47"]
[GameID "168023"]

1. e4 d5 2. exd5 Qxd5 3. Nc3 Qd8 4. Nf3 e6 5. d4 g6 6. Ne4 Bg7 7. c3 f5 8. Ng3 Ne7 9. Bd3 Nd5 10. Be3 Qe7
11. O-O Bd7 12. c4 Nxe3 13. fxe3 c5 14. b3 cxd4 15. exd4 Bc6 16. Re1 Bxf3 17. Qxf3 Bxd4+ 18. Kf1 Bxa1 19. Bxf5 gxf5 20. Nxf5 Qd7
21. Rxe6+ Qxe6 22. Qh5+ Kd7 23. Qd1+ Kc6 24. Qf3+ Kc5 25. b4+ Kxb4 26. Qb3+ Kc5 27. Qb5#
1-0

[Event "Late Summer tourney 2008"]
[Site "SchemingMind.com"]
[Date "2008.08.21"]
[Round "-"]
[White "drowzee1872"]
[Black "Archon"]
[Result "1/2-1/2"]
[WhiteCountry "WLS"]
[BlackCountry "CAN"]
[WhiteElo "1342"]
[WhiteRD "111"]
[BlackElo "1740"]
[BlackRD "56"]
[GameID "168024"]

1. e4 d6 2. Nf3 g6 3. d4 Nf6 4. c3 Bg4 5. Nbd2 Bg7 6. Qb3 Qc8 7. Bc4 O-O 8. O-O Nc6 9. Ng5 e6 10. f3 Na5
11. Qb4 Nxc4 12. Qxc4 h6 13. Nxf7 Bh5 14. Nxh6+ Bxh6 15. g4 Bxg4 16. fxg4 Kg7 17. e5 Nxg4 18. Rxf8 Qxf8 19. Ne4 Bxc1 20. Rxc1 d5
21. Qxc7+ Kh6 22. Nf6 Nxf6 23. Rf1 Qc8 24. Qxc8 Rxc8 25. Rxf6 Rc6 26. Rf7 Rb6 27. b3 a5 28. Rd7 a4 29. Rd6 Rc6 30. Rxc6 axb3
31. axb3 bxc6 32. Kg2 Kg7 33. Kf3 Kf7 34. Kg4 Kf8 35. Kg5 Kg7 36. h4 Kf7 37. h5 gxh5 38. Kxh5 Kg7 39. Kg5 Kf7 40. c4 dxc4
41. bxc4 Kg7 42. d5 exd5 43. cxd5 cxd5 44. Kf4 Kf7 45. Ke3 Ke7 46. Kd3 Kd7 47. Ke3=
1/2-1/2

[Event "Late Summer tourney 2008"]
[Site "SchemingMind.com"]
[Date "2008.08.21"]
[Round "-"]
[White "drowzee1872"]
[Black "aston294"]
[Result "1-0"]
[WhiteCountry "WLS"]
[BlackCountry "ENG"]
[WhiteElo "1348"]
[WhiteRD "105"]
[BlackElo "1062"]
[BlackRD "68"]
[GameID "168025"]

1. e4 e5 2. Nf3 Nf6 3. Bc4 Ng4 4. c3 Nc6 5. O-O d6 6. d4 f6 7. d5 f5 8. Re1 Ne7 9. h3 Nf6 10. exf5 Nxf5
11. Nbd2
1-0

[Event "Late Summer tourney 2008"]
[Site "SchemingMind.com"]
[Date "2008.08.21"]
[Round "-"]
[White "drowzee1872"]
[Black "Roger Videa"]
[Result "0-1"]
[WhiteCountry "WLS"]
[BlackCountry "NCA"]
[WhiteElo "1300"]
[WhiteRD "101"]
[BlackElo "1396"]
[BlackRD "82"]
[GameID "168026"]

1. e4 e5 2. Nf3 Nc6 3. Bc4 h6 4. Nc3 Nf6 5. O-O d6 6. d3 Nd4 7. Be3 Nxf3+ 8. Qxf3 Bg4 9. Qg3 h5 10. f3 h4
11. Qf2 Bd7 12. Bg5 h3 13. Nd5 hxg2 14. Qxg2 Bh3 15. Qg3 Bxf1 16. Rxf1 c6 17. Bxf6 gxf6
0-1

[Event "Late Summer tourney 2008"]
[Site "SchemingMind.com"]
[Date "2008.08.25"]
[Round "-"]
[White "drowzee1872"]
[Black "Kobiahshi"]
[Result "0-1"]
[WhiteCountry "WLS"]
[BlackCountry "USA"]
[WhiteElo "1348"]
[WhiteRD "105"]
[BlackElo "1602"]
[BlackRD "111"]
[GameID "168027"]

1. e4 Nc6 2. Nf3 Nf6 3. e5 Ng4 4. d4 d6 5. d5 Nb4 6. a3 Na6 7. Be2 Nxe5 8. O-O b6 9. Bxa6 Bxa6 10. Re1 g6
11. Nxe5 dxe5 12. Rxe5 Bg7 13. Re1 O-O 14. Be3 Bxb2 15. Bh6 Re8 16. c3 Bxa1 17. Qd4 f6
0-1

[Event "Late Summer tourney 2008"]
[Site "SchemingMind.com"]
[Date "2008.08.21"]
[Round "-"]
[White "drowzee1872"]
[Black "Sixmax"]
[Result "0-1"]
[WhiteCountry "WLS"]
[BlackCountry "DEN"]
[WhiteElo "1300"]
[WhiteRD "101"]
[BlackElo "2231"]
[BlackRD "69"]
[GameID "168028"]

1. e4 e5 2. Nf3 Nf6 3. Nxe5 d6 4. Nf3 Nxe4 5. d4 d5 6. Bd3 Bd6 7. O-O O-O 8. Be3 Bf5 9. Nbd2 Nc6 10. c4 Nxf2
11. Rxf2 Bxd3 12. cxd5 Nb4 13. Nb3 Be4 14. a3 Nxd5 15. Qd2 Re8 16. Re1 Nxe3 17. Rxe3 Bf4 18. Nc5 Bxe3 19. Qxe3 Bxf3 20. Qxf3 Re1+
0-1

[Event "Late Summer tourney 2008"]
[Site "SchemingMind.com"]
[Date "2008.08.21"]
[Round "-"]
[White "drowzee1872"]
[Black "Holy Hippo"]
[Result "0-1"]
[WhiteCountry "WLS"]
[BlackCountry "USA"]
[WhiteElo "1300"]
[WhiteRD "101"]
[BlackElo "1791"]
[BlackRD "107"]
[GameID "168029"]

1. e4 e5 2. Nf3 f5 3. Nxe5 Qf6 4. Qh5+ g6 5. Qe2 Qxe5 6. exf5 Qxe2+ 7. Bxe2 d5 8. fxg6 hxg6 9. d4 Bd6 10. O-O Bxh2+
11. Kh1 Be5+ 12. Kg1 Bxd4 13. Re1 Kf8 14. c3 Be5 15. g3 Bf5 16. Bf1 Nd7 17. Na3 Be4 18. Bg2 Ngf6 19. f4 Bd6 20. Nb5 Bxg2
21. Kxg2 Ne4 22. c4 c6 23. cxd5 Nxg3 24. Nxd6 Nf5 25. Nxb7 Kf7 26. dxc6 Nf6 27. b4 a6 28. Bb2 Nd5 29. Bxh8 Rxh8 30. Re4 Nde3+
0-1

[Event "Late Summer tourney 2008"]
[Site "SchemingMind.com"]
[Date "2008.08.21"]
[Round "-"]
[White "lame wolf"]
[Black "drowzee1872"]
[Result "0-1"]
[WhiteCountry "INT"]
[BlackCountry "WLS"]
[WhiteElo "1062"]
[WhiteRD "47"]
[BlackElo "1160"]
[BlackRD "130"]
[GameID "168030"]

1. c4 Nf6 2. d4 e5 3. dxe5 Ng4 4. f4 Bc5 5. e3 b6 6. Qe2 d6 7. Nc3 dxe5 8. h3 Qh4+ 9. Kd2 Bxe3+ 10. Kd3 Bf5+
11. Ne4 Qd8+ 12. Kc3 Qd4+ 13. Kb3 Bxe4
0-1

[Event "Late Summer tourney 2008"]
[Site "SchemingMind.com"]
[Date "2008.08.22"]
[Round "-"]
[White "Archon"]
[Black "drowzee1872"]
[Result "1/2-1/2"]
[WhiteCountry "CAN"]
[BlackCountry "WLS"]
[WhiteElo "1740"]
[WhiteRD "56"]
[BlackElo "1342"]
[BlackRD "111"]
[GameID "168031"]

1. Nf3 d5 2. c4 Nf6 3. g3 c5 4. cxd5 b6 5. Bg2 Bb7 6. Nc3 Nxd5 7. O-O e6 8. d3 Be7 9. Bf4 O-O 10. Qd2 Nd7
11. Ne5 Nxe5 12. Bxe5 f6 13. Bf4 e5 14. Nxd5 Bxd5 15. Bxd5+ Qxd5 16. Be3 Rad8 17. Qc2 f5 18. Qb3 Qxb3 19. axb3 a5 20. f4 exf4
21. Bxf4 Bd6 22. Bg5 Rde8 23. Rae1 h6 24. Bd2 Be5 25. Bc3 Bd4+ 26. Kg2 g5 27. Rf3 b5 28. Bxa5 Bxb2 29. Bd2 b4 30. Re3 Bc3
31. Rxe8 Rxe8 32. Bxc3 bxc3 33. Kf2 Rb8 34. Rb1 c2 35. Rc1 Rxb3 36. Rxc2 Rb5 37. Rc4 Kf7 38. Kf3 Ke6 39. Ra4 Kd5 40. Ra6 h5
41. Rg6 g4+ 42. Ke3 c4 43. dxc4+ Kxc4 44. Rg5 h4 45. gxh4 Kc3 46. h5 Re5+ 47. Kf2 Kd2 48. h6 Rxe2+ 49. Kg3 Re3+ 50. Kf4 Ke2
51. h7 Rf3+ 52. Ke5 Rh3 53. Rg7 Rxh2 54. Kxf5 Kf3=
1/2-1/2

[Event "Late Summer tourney 2008"]
[Site "SchemingMind.com"]
[Date "2008.08.21"]
[Round "-"]
[White "aston294"]
[Black "drowzee1872"]
[Result "0-1"]
[WhiteCountry "ENG"]
[BlackCountry "WLS"]
[WhiteElo "1062"]
[WhiteRD "68"]
[BlackElo "1348"]
[BlackRD "105"]
[GameID "168032"]

1. d4 Nf6 2. Nf3 d5 3. Nc3 Bf5 4. Ng5 e6 5. e3 h6 6. Nf3 Bd6 7. Bb5+ c6 8. Be2 O-O 9. Ne4 Bxe4 10. O-O Ng4
11. h3 Bxf3
0-1

[Event "Late Summer tourney 2008"]
[Site "SchemingMind.com"]
[Date "2008.08.21"]
[Round "-"]
[White "Roger Videa"]
[Black "drowzee1872"]
[Result "1-0"]
[WhiteCountry "NCA"]
[BlackCountry "WLS"]
[WhiteElo "1396"]
[WhiteRD "82"]
[BlackElo "1300"]
[BlackRD "101"]
[GameID "168033"]

1. d4 Nf6 2. Nc3 d5 3. Nf3 Bf5 4. e3 e6 5. Ne5 Nbd7 6. Nxd7 Qxd7 7. Bb5 c6 8. Ba4 b5 9. Bb3 a5 10. a4 b4
11. Ne2 Be7 12. c4 dxc4 13. Bxc4 c5 14. Bb5 Qxb5 15. axb5 Nd5 16. O-O cxd4 17. Nxd4 O-O 18. Nxf5
1-0

[Event "Late Summer tourney 2008"]
[Site "SchemingMind.com"]
[Date "2008.08.25"]
[Round "-"]
[White "Kobiahshi"]
[Black "drowzee1872"]
[Result "1-0"]
[WhiteCountry "USA"]
[BlackCountry "WLS"]
[WhiteElo "1600"]
[WhiteRD "251"]
[BlackElo "1342"]
[BlackRD "111"]
[GameID "168034"]

1. e4 d5 2. exd5 Qxd5 3. Nc3 Qd6 4. d4 a6 5. Nf3 Nf6 6. Bc4 b5 7. Bb3 Bb7 8. O-O e6 9. d5 exd5 10. Re1+ Be7
11. Ne5 Nbd7 12. Bf4 O-O 13. Ng6 Qc6 14. Nxe7+
1-0

[Event "Late Summer tourney 2008"]
[Site "SchemingMind.com"]
[Date "2008.08.21"]
[Round "-"]
[White "Sixmax"]
[Black "drowzee1872"]
[Result "1-0"]
[WhiteCountry "DEN"]
[BlackCountry "WLS"]
[WhiteElo "2174"]
[WhiteRD "77"]
[BlackElo "1342"]
[BlackRD "111"]
[GameID "168035"]

1. e4 d5 2. exd5 Qxd5 3. Nc3 Qd6 4. d4 a6 5. Nf3 Nf6 6. Bd3 b5 7. a4 Bb7 8. axb5 Nd5 9. bxa6 Nxc3 10. bxc3 Bxa6
11. Bxa6 Rxa6 12. Rb1 Nd7 13. O-O e6 14. Ne5 Be7 15. Bf4 f6 16. Qh5+ g6 17. Nxg6
1-0

[Event "Late Summer tourney 2008"]
[Site "SchemingMind.com"]
[Date "2008.08.21"]
[Round "-"]
[White "Holy Hippo"]
[Black "drowzee1872"]
[Result "1-0"]
[WhiteCountry "USA"]
[BlackCountry "WLS"]
[WhiteElo "1642"]
[WhiteRD "190"]
[BlackElo "1342"]
[BlackRD "111"]
[GameID "168036"]

1. e4 d5 2. d4 dxe4 3. Nc3 Nf6 4. f3 exf3 5. Nxf3 e6 6. Bd3 Bb4 7. O-O O-O 8. Qe1 Nd5 9. Bg5 f6 10. Qh4 fxg5
11. Qxh7+ Kf7 12. Ne5+ Ke7 13. Qxg7+ Kd6 14. Nb5#
1-0

[Event "Late Summer tourney 2008"]
[Site "SchemingMind.com"]
[Date "2008.08.22"]
[Round "-"]
[White "capablanca"]
[Black "lame wolf"]
[Result "1-0"]
[WhiteCountry "GER"]
[BlackCountry "INT"]
[WhiteElo "1715"]
[WhiteRD "53"]
[BlackElo "1062"]
[BlackRD "47"]
[GameID "168041"]

1. e4 d5 2. exd5 Qxd5 3. Nc3 Qd8 4. d4 g6 5. Nf3 Bg4 6. Be3 Bxf3 7. Qxf3 c6 8. Bc4 Nf6 9. O-O-O Nbd7 10. Ne4 b5
11. Bb3 Bg7 12. Rhe1 Qc7 13. Bf4 Qc8 14. Nd6+
1-0

[Event "Late Summer tourney 2008"]
[Site "SchemingMind.com"]
[Date "2008.08.21"]
[Round "-"]
[White "capablanca"]
[Black "Archon"]
[Result "1-0"]
[WhiteCountry "GER"]
[BlackCountry "CAN"]
[WhiteElo "1664"]
[WhiteRD "52"]
[BlackElo "1740"]
[BlackRD "56"]
[GameID "168042"]

1. e4 d6 2. d4 Nf6 3. Nc3 g6 4. Nf3 Bg7 5. Bc4 Nc6 6. O-O Bg4 7. Be3 Bxf3 8. Qxf3 O-O 9. Rad1 Qc8 10. Rfe1 e5
11. dxe5 Nxe5 12. Qe2 Nxc4 13. Qxc4 Ng4 14. h3 Nxe3 15. Rxe3 Qd7 16. e5 Bxe5 17. Rxe5
1-0

[Event "Late Summer tourney 2008"]
[Site "SchemingMind.com"]
[Date "2008.08.21"]
[Round "-"]
[White "capablanca"]
[Black "aston294"]
[Result "1-0"]
[WhiteCountry "GER"]
[BlackCountry "ENG"]
[WhiteElo "1652"]
[WhiteRD "52"]
[BlackElo "1062"]
[BlackRD "68"]
[GameID "168043"]

1. e4 e5 2. Nf3 Nc6 3. Bc4 Nb4 4. a3 Nc6 5. d3 Nf6 6. Bg5 h6 7. Be3 Ng4 8. Bd2 d6 9. Nc3 Nd4 10. Nxd4 exd4
11. Ne2 Qh4 12. Ng3 c5 13. h3 g5 14. hxg4 Bxg4 15. Rxh4 Bxd1 16. Kxd1 gxh4 17. Nf5
1-0

[Event "Late Summer tourney 2008"]
[Site "SchemingMind.com"]
[Date "2008.08.21"]
[Round "-"]
[White "capablanca"]
[Black "Roger Videa"]
[Result "1-0"]
[WhiteCountry "GER"]
[BlackCountry "NCA"]
[WhiteElo "1652"]
[WhiteRD "52"]
[BlackElo "1407"]
[BlackRD "88"]
[GameID "168044"]

1. e4 e5 2. Nf3 d6 3. d4 Nd7 4. Bc4 f6 5. dxe5 fxe5 6. Ng5 Nc5 7. Nf7 Qh4 8. Qf3 Bg4 9. Qg3 Qh5 10. Nxh8 Nxe4
11. Qe3 Ng5 12. Qxg5 Qxg5 13. Bxg5 h6 14. Be3 Ne7 15. Nc3 a6 16. h3 Bf5 17. O-O-O b5 18. Bf7+ Kd8 19. Nd5 g5 20. Nxe7 Kxe7
21. Bh5 c5 22. Ng6+ Bxg6 23. Bxg6 Bg7 24. Rd5 a5 25. Rhd1 Rd8 26. Bxc5
1-0

[Event "Late Summer tourney 2008"]
[Site "SchemingMind.com"]
[Date "2008.08.21"]
[Round "-"]
[White "capablanca"]
[Black "drowzee1872"]
[Result "1-0"]
[WhiteCountry "GER"]
[BlackCountry "WLS"]
[WhiteElo "1664"]
[WhiteRD "52"]
[BlackElo "1342"]
[BlackRD "111"]
[GameID "168045"]

1. e4 d5 2. exd5 Qxd5 3. Nc3 Qd6 4. d4 a6 5. Nf3 Nf6 6. g3 b5 7. Bf4 Qb6 8. Bd3 Bb7 9. O-O Nbd7 10. Re1 e6
11. Bf1 Bxf3 12. Qxf3 Rc8 13. Bg2 Be7 14. d5 exd5 15. Nxd5 Nxd5 16. Qxd5 Nf6 17. Qc6+ Nd7 18. Rad1 Qxc6 19. Bxc6 Rd8 20. Bxc7
1-0

[Event "Late Summer tourney 2008"]
[Site "SchemingMind.com"]
[Date "2008.08.21"]
[Round "-"]
[White "capablanca"]
[Black "Kobiahshi"]
[Result "1/2-1/2"]
[WhiteCountry "GER"]
[BlackCountry "USA"]
[WhiteElo "1652"]
[WhiteRD "52"]
[BlackElo "1602"]
[BlackRD "111"]
[GameID "168046"]

1. e4 Nc6 2. d4 d5 3. e5 f6 4. exf6 Nxf6 5. Nc3 Bf5 6. Bf4 e6 7. a3 Bd6 8. Bg3 Bxg3 9. hxg3 Qe7 10. Bb5 Qd6
11. Nf3 Bg4 12. Qd3 Bf5 13. Qd2 O-O-O 14. Ng5 Rhf8 15. O-O-O h6 16. Nf3 Ne4 17. Nxe4 Bxe4 18. Bxc6 Bxf3 19. Bxb7+ Kxb7 20. gxf3 Rxf3
21. Qe2 Rff8 22. Rde1 Rfe8 23. Qb5+ Qb6 24. Qxb6+ cxb6 25. Re5 Rd7 26. f4 Rc7 27. c3 Rcc8 28. Rhe1 Kc6 29. Rxe6+ Kd7 30. Rxe8 Rxe8
31. Re5 Rxe5 32. dxe5 Ke6 33. g4 g5 34. fxg5 hxg5 35. Kd2 Kxe5 36. Ke3 a5 37. a4 Kd6 38. Kd4 Ke6=
1/2-1/2

[Event "Late Summer tourney 2008"]
[Site "SchemingMind.com"]
[Date "2008.08.21"]
[Round "-"]
[White "capablanca"]
[Black "Sixmax"]
[Result "0-1"]
[WhiteCountry "GER"]
[BlackCountry "DEN"]
[WhiteElo "1664"]
[WhiteRD "52"]
[BlackElo "2174"]
[BlackRD "77"]
[GameID "168047"]

1. e4 e5 2. Nf3 Nf6 3. Nxe5 d6 4. Nf3 Nxe4 5. Qe2 Qe7 6. d4 Nc6 7. Nbd2 d5 8. Nxe4 dxe4 9. Ng5 h6 10. Nxe4 Bf5
11. Ng3 Qxe2+ 12. Bxe2 Nxd4 13. Nxf5 Nxc2+ 14. Kd2 Nxa1 15. b3 O-O-O+ 16. Kc3 g6 17. Nxh6 Bg7+ 18. Kb4 Nc2+ 19. Ka4 Bxh6 20. Bb2 Rhe8
21. Bc4 c6 22. Bxf7 b5+ 23. Ka5 Kb7 24. Bc3 Bf4
0-1

[Event "Late Summer tourney 2008"]
[Site "SchemingMind.com"]
[Date "2008.08.21"]
[Round "-"]
[White "capablanca"]
[Black "Holy Hippo"]
[Result "1/2-1/2"]
[WhiteCountry "GER"]
[BlackCountry "USA"]
[WhiteElo "1652"]
[WhiteRD "52"]
[BlackElo "1780"]
[BlackRD "105"]
[GameID "168048"]

1. e4 e5 2. Nf3 Nc6 3. Bc4 Nf6 4. d3 Bc5 5. Be3 Bxe3 6. fxe3 O-O 7. O-O d6 8. Nbd2 a6 9. a3 Ne7 10. d4 d5
11. exd5 Nexd5 12. Qe2 exd4 13. exd4 Re8 14. Qd3 Nf4 15. Qb3 N4d5 16. Ne5 b5 17. Bxd5 Qxd5 18. Qxd5 Nxd5 19. Nxf7 Re2 20. Nb3 Rxc2
21. Rae1 Nf6 22. Ng5 Bb7 23. Rf2 Rxf2 24. Kxf2 h6 25. Ne6 Rc8 26. Nbc5 Bd5 27. Nxa6 Ne4+ 28. Ke3 Bxe6 29. Kxe4 Bc4 30. Kf4 Rf8+
31. Kg3 Rf7 32. Nc5 g5 33. b3 Bd5 34. a4 c6 35. a5 h5 36. a6 Kg7 37. Ra1 Kg6 38. a7 h4+ 39. Kh3 Rf2 40. Rg1 Ra2
41. Na4 c5 42. Nc3 Be6+ 43. g4 Rxa7 44. dxc5 Bxb3 45. Nxb5 Ra5 46. Nd4 Rxc5 47. Nxb3 Rc3+ 48. Kg2=
1/2-1/2

[Event "Late Summer tourney 2008"]
[Site "SchemingMind.com"]
[Date "2008.08.22"]
[Round "-"]
[White "lame wolf"]
[Black "capablanca"]
[Result "0-1"]
[WhiteCountry "INT"]
[BlackCountry "GER"]
[WhiteElo "1062"]
[WhiteRD "47"]
[BlackElo "1715"]
[BlackRD "53"]
[GameID "168049"]

1. c3 d5 2. d4 Nf6 3. g3 e6 4. Bg2 c5 5. Bg5 cxd4 6. Bxf6 Qxf6 7. Qxd4 Be7 8. Nf3 Nc6 9. Qxf6 Bxf6 10. O-O O-O
11. Nbd2 Bd7 12. Rab1 Ne5 13. Nxe5 Bxe5 14. e4 dxe4 15. Nxe4 Bb5 16. Rfd1 Bc6 17. f3 Rfd8 18. Rxd8+ Rxd8 19. Nc5 Rd2 20. Ne4 Bxe4
21. fxe4 Kf8 22. a4 Ke7 23. h3 Bxg3 24. b4 Rc2
0-1

[Event "Late Summer tourney 2008"]
[Site "SchemingMind.com"]
[Date "2008.08.22"]
[Round "-"]
[White "Archon"]
[Black "capablanca"]
[Result "0-1"]
[WhiteCountry "CAN"]
[BlackCountry "GER"]
[WhiteElo "1718"]
[WhiteRD "54"]
[BlackElo "1652"]
[BlackRD "52"]
[GameID "168050"]

1. Nf3 Nf6 2. c4 c5 3. g3 g6 4. Bg2 Bg7 5. O-O O-O 6. Nc3 d6 7. d4 cxd4 8. Nxd4 Nbd7 9. e4 Ne5 10. b3 Rb8
11. Bb2 b6 12. Nd5 Nxd5 13. exd5 Bd7 14. Qd2 Be8 15. Rae1 b5 16. cxb5 Bxb5 17. Nxb5 Rxb5 18. Rc1 Qa5 19. Rc2 Qxd2 20. Rxd2 Rc8
21. f4 Ng4 22. Bxg7 Kxg7 23. Bh3 h5 24. Re1 Rc7 25. Bg2 Nf6 26. Rde2 Kf8 27. Rd1 Rbc5 28. Red2 Ng4 29. Re2 Rc2 30. Rde1 Rxe2
31. Rxe2 Rc1+ 32. Bf1 Nf6 33. Kf2 Nxd5 34. Bg2 Nc3 35. Rd2 Ra1 36. Rc2 Rxa2 37. Rxa2 Nxa2 38. Bd5 e6 39. Bb7 d5 40. Ba6 Ke7
41. Ke3 Kd6 42. Kd4 Nb4 43. Bb5 Nc6+ 44. Kc3 Kc5 45. Ba4 f6 46. Kd3 e5 47. fxe5 fxe5 48. h4 Ne7 49. Be8 a5 50. Bf7 Kb4
51. Kc2 e4 52. Be8 d4 53. Bf7 a4 54. bxa4 Kxa4 55. Kd2 Kb4
0-1

[Event "Late Summer tourney 2008"]
[Site "SchemingMind.com"]
[Date "2008.08.21"]
[Round "-"]
[White "aston294"]
[Black "capablanca"]
[Result "0-1"]
[WhiteCountry "ENG"]
[BlackCountry "GER"]
[WhiteElo "1135"]
[WhiteRD "70"]
[BlackElo "1664"]
[BlackRD "52"]
[GameID "168051"]

1. d4 d5 2. Nc3 Nf6 3. Nf3 e6 4. Ne5 c5 5. dxc5 Bxc5 6. Bg5 h6 7. Bf4 O-O 8. Nb5 Nh5 9. e3 Nxf4 10. exf4 Qb6
11. Nd6 Bxf2+ 12. Ke2 Qe3#
0-1

[Event "Late Summer tourney 2008"]
[Site "SchemingMind.com"]
[Date "2008.08.22"]
[Round "-"]
[White "Roger Videa"]
[Black "capablanca"]
[Result "0-1"]
[WhiteCountry "NCA"]
[BlackCountry "GER"]
[WhiteElo "1396"]
[WhiteRD "82"]
[BlackElo "1635"]
[BlackRD "57"]
[GameID "168052"]

1. d4 d5 2. e3 Nf6 3. Nc3 e6 4. a3 c5 5. Bb5+ Nbd7 6. Nf3 a6 7. Ba4 b5 8. Bb3 cxd4 9. Nxd4 Qc7 10. a4 b4
11. Na2 a5 12. c3 bxc3 13. bxc3 Ba6 14. Nb5 Bxb5 15. axb5 Bc5 16. Ba4 Bb6 17. Ba3 Nc5 18. Bxc5 Qxc5 19. Qd4 O-O 20. Qxc5 Bxc5
21. Rb1 Rab8 22. Ke2 Ne4 23. f3 Nd6 24. Nc1 Nc4 25. Nd3 Bxe3 26. Nb2 Nxb2 27. Rxb2 Bb6 28. Rc1 Rbc8 29. Kd3 Rc5 30. g4 Rfc8
31. h4 Rc4 32. Ra2 Rf4 33. Bd1 Rcc4 34. h5 Rc5 35. Rb2 a4 36. Ra1 Rcc4 37. Rb4 Rxb4 38. cxb4 Rxb4 39. Bxa4 Kf8 40. Kc3 Rf4
41. Bd1 Bd4+
0-1